Aufsichtsinstrumente der slowakischen Nationalbank
Z mnohých procesov v kontrolovaných subjektoch na finančnom trhu slovenský zákonodarca taxatívne vybral niektoré právne transakcie, ktoré podliehajú predchádzajúcemu schváleniu Národnou bankou Slovenska. Ide o individuálny administratívny akt a je výsledkom postupu v záležitostiach dohľadu.
Guardado en:
| Autor principal: | |
|---|---|
| Formato: | Capítulo de libro |
| Lenguaje: | alemán |
| Materias: | |
| Etiquetas: |
Sin Etiquetas, Sea el primero en etiquetar este registro!
|
MARC
| LEADER | 00000naa a2200000 4500 | ||
|---|---|---|---|
| 001 | 0247951 | ||
| 005 | 20240502083702.8 | ||
| 041 | 0 | |a ger | |
| 044 | |a AT | ||
| 245 | 1 | 0 | |a Aufsichtsinstrumente der slowakischen Nationalbank |c Andrea Slezáková |
| 520 | |a Z mnohých procesov v kontrolovaných subjektoch na finančnom trhu slovenský zákonodarca taxatívne vybral niektoré právne transakcie, ktoré podliehajú predchádzajúcemu schváleniu Národnou bankou Slovenska. Ide o individuálny administratívny akt a je výsledkom postupu v záležitostiach dohľadu. | ||
| 610 | 2 | 0 | |a banky |
| 610 | 2 | 0 | |a Slovensko |
| 610 | 2 | 0 | |a trh finančný |
| 610 | 2 | 0 | |a orgány nadriadené |
| 610 | 2 | 0 | |a zákony |
| 610 | 2 | 0 | |a zákonodarstvo obchodné |
| 610 | 2 | 0 | |a právo obchodné |
| 100 | 1 | |a Slezáková, Andrea, 1980- | |